000 00332nam a2200145Ia 4500
999 _c10547
_d10547
003 OSt
005 20220404124710.0
008 220318s9999 xx 000 0 und d
020 _a9789881652799
082 _a724.7
100 _aPionner Space
245 0 _a100XN architectural shape and skin II
260 _aPhonix
942 _2ddc